00399nam a2200181Ia 4500003000900000008004100009040001300050040001300063041000800076100001500084100000800099245005600107250001000163260001200173300001200185490001300197490000700210IT-RoPAU120407s9999 xx 000 0 und d aIT-RoPAU cIT-RoPAU afra aBenedictus csan a"La règle de saint Benoìt Comment. hist./crit." aParis aDu Cerf c19,5 cm aS.C.,185 v56